000 00872nam a22002297a 4500
005 20180803165608.0
008 140923b2014 ck ||||| |||| 00| 0 spa d
040 _aCO-BoIAVH
_cCO-BoIAVH
041 _aspa
044 _ack
082 0 4 _a633.8
_bG63b4
100 1 _aRubiano, Diego José
_927192
245 1 0 _aPlanificación, diseño y establecimiento de herramientas de manejo del paisaje en zonas cafeteras
_cDiego José Rubiano y Gustavo Guerra
260 _aBogotá :
_bFederación de Nacional de Cafeteros de Colombia,
_c2014.
300 _a39 p.
_bil.
_c24 cm.
500 _aProyecto incorporación de la biodiversidad en el sector cafetero de Colombia.
650 4 _aPaisaje cafetero
_927193
650 6 _aHerramientas de manejo del paisaje
_992489
700 1 _aGuerra, Gustavo
_92872
700 1 _aGómez, José Antonio
_ecoord.
_92326
942 _2ddc
_cLIBRO
_01
999 _c8724
_d8724